[Event "Muensterland Verbandsklasse-A 0708"]
[Site "Germany"]
[Date "2007.11.17"]
[Round "3.8"]
[White "Kaiser, Guenter1111"]
[Black "Zoern, Friedrich"]
[Result "1-0"]
[WhiteElo "1649"]
[BlackElo "1683"]
[PlyCount "47"]
[EventDate "2007.09.22"]
[EventType "team"]
[EventRounds "9"]
[EventCountry "GER"]
[SourceTitle "EXT 2009"]
[Source "ChessBase"]
[SourceDate "2008.11.26"]
[SourceVersion "1"]
[SourceVersionDate "2008.11.26"]
[SourceQuality "1"]
[WhiteTeam "Ochtrup"]
[BlackTeam "Muenster SK IV"]
[WhiteTeamCountry "GER"]
[BlackTeamCountry "GER"]

1. e4 c6 2. d4 d5 3. Nc3 dxe4 4. Nxe4 Nd7 5. Bc4 e6 6. Nf3 Ngf6 7. Ng3 Be7 8. 0-0 0-0 9. Re1 c5 10. c3 cxd4 11. Nxd4 Nb6 12. Bd3 a6 13. Qe2 Re8 14. Ne4 Nbd5 15. Nxf6+ Nxf6 16. Bg5 Qd5 17. Nf3 Rb8 18. c4 Qa5 19. Ne5 Qc7 20. Rad1 g6 21. Qf3 Kg7 22. Qf4 Bd8 23. Bb1 Qe7 24. Ng4 1-0

[Event "Muensterland Verbandsklasse-B 0607"]
[Site "Germany"]
[Date "2007.03.24"]
[Round "7.4"]
[White "Janning, Rainer"]
[Black "Zoern, Friedrich"]
[Result "1-0"]
[WhiteElo "1936"]
[BlackElo "1740"]
[PlyCount "71"]
[EventDate "2006.09.23"]
[EventType "team"]
[EventRounds "9"]
[EventCountry "GER"]
[SourceTitle "EXT 2008"]
[Source "ChessBase"]
[SourceDate "2007.11.25"]
[SourceVersion "1"]
[SourceVersionDate "2007.11.25"]
[SourceQuality "1"]
[WhiteTeam "Steinfurt"]
[BlackTeam "Muenster SK III"]
[WhiteTeamCountry "GER"]
[BlackTeamCountry "GER"]

1. f4 f5 2. e4 d6 3. d3 Nf6 4. Nc3 e6 5. Nf3 Be7 6. Be2 0-0 7. 0-0 c5 8. exf5 exf5 9. b3 Nc6 10. Bb2 a6 11. d4 Qc7 12. dxc5 dxc5 13. Nd5 Nxd5 14. Qxd5+ Kh8 15. Ne5 Bf6 16. Qxc5 Be6 17. Bf3 Be7 18. Qc3 Bb4 19. Qe3 Nxe5 20. Qxe5 Qxe5 21. Bxe5 Rac8 22. c4 b5 23. cxb5 axb5 24. Rac1 Bd2 25. Rxc8 Rxc8 26. g3 Rc2 27. Ra1 Kg8 28. Bd4 Ba5 29. a4 b4 30. Rb1 g6 31. Bd1 Rd2 32. Be3 Ra2 33. Bd4 Bd5 34. Rb2 Ra1 35. Rd2 Bxb3 36. Bxa1 1-0

[Event "Muensterland Verbandsklasse-B 0607"]
[Site "Germany"]
[Date "2007.02.17"]
[Round "6.5"]
[White "Darwisch, Khaled"]
[Black "Zoern, Friedrich"]
[Result "1-0"]
[WhiteElo "1824"]
[BlackElo "1740"]
[PlyCount "71"]
[EventDate "2006.09.23"]
[EventType "team"]
[EventRounds "9"]
[EventCountry "GER"]
[SourceTitle "EXT 2008"]
[Source "ChessBase"]
[SourceDate "2007.11.25"]
[SourceVersion "1"]
[SourceVersionDate "2007.11.25"]
[SourceQuality "1"]
[WhiteTeam "Ahaus Wessum"]
[BlackTeam "Muenster SK III"]
[WhiteTeamCountry "GER"]
[BlackTeamCountry "GER"]

1. e4 e5 2. Nf3 Nf6 3. d3 Nc6 4. g3 Bc5 5. Bg2 0-0 6. c3 d5 7. Qe2 a6 8. 0-0 Bg4 9. h3 Bxf3 10. Qxf3 dxe4 11. dxe4 h6 12. Nd2 Qe7 13. Nb3 Ba7 14. Be3 Bxe3 15. Qxe3 Rfe8 16. Rae1 a5 17. f4 a4 18. Nc5 Nd7 19. Nd3 Nb6 20. fxe5 Nc4 21. Qe2 N4xe5 22. Nf4 Qc5+ 23. Kh2 a3 24. b3 Qxc3 25. Nd5 Qa5 26. Qh5 Nd4 27. b4 Qa4 28. Nxc7 Nc2 29. Re2 Nxb4 30. Nxa8 Qxa8 31. Rb1 Qa6 32. Rd2 Qc4 33. Qe2 Qxe2 34. Rxe2 Ned3 35. Re3 Ra8 36. Rb3 1-0

[Event "Muensterland Verbandsklasse-B 0607"]
[Site "Germany"]
[Date "2006.11.18"]
[Round "3.5"]
[White "Eiersbrock, Robin"]
[Black "Zoern, Friedrich"]
[Result "1-0"]
[WhiteElo "1769"]
[BlackElo "1740"]
[PlyCount "53"]
[EventDate "2006.09.23"]
[EventType "team"]
[EventRounds "9"]
[EventCountry "GER"]
[SourceTitle "EXT 2008"]
[Source "ChessBase"]
[SourceDate "2007.11.25"]
[SourceVersion "1"]
[SourceVersionDate "2007.11.25"]
[SourceQuality "1"]
[WhiteTeam "Buldern"]
[BlackTeam "Muenster SK III"]
[WhiteTeamCountry "GER"]
[BlackTeamCountry "GER"]

1. d4 Nf6 2. c4 b6 3. Nc3 Bb7 4. Bf4 e6 5. e3 Be7 6. Nf3 0-0 7. Bd3 d5 8. 0-0 c5 9. cxd5 exd5 10. Ng5 g6 11. Nf3 Nbd7 12. Ne5 Kg7 13. Qf3 Nh5 14. Ng4 Nxf4 15. Qxf4 Bg5 16. Qg3 Bh4 17. Qh3 f5 18. Ne5 Nxe5 19. dxe5 f4 20. exf4 Be7 21. f5 gxf5 22. Bxf5 h6 23. Qg4+ Kh8 24. Qg6 Rxf5 25. Qxh6+ Kg8 26. Qg6+ Kh8 27. Qxf5 1-0

[Event "Muenster Bezirksliga 0506"]
[Site "Muenster"]
[Date "2006.01.14"]
[Round "5.6"]
[White "Hofene, Markus"]
[Black "Zoern, Friedrich"]
[Result "1/2-1/2"]
[WhiteElo "1691"]
[BlackElo "1780"]
[PlyCount "48"]
[EventDate "2005.09.10"]
[EventType "team"]
[EventRounds "9"]
[EventCountry "GER"]
[SourceTitle "EXT 2007"]
[Source "ChessBase"]
[SourceDate "2006.11.23"]
[SourceVersion "1"]
[SourceVersionDate "2006.11.23"]
[SourceQuality "1"]
[WhiteTeam "Beelen"]
[BlackTeam "Muenster IV"]
[WhiteTeamCountry "GER"]
[BlackTeamCountry "GER"]

1. e4 e5 2. Nf3 Nf6 3. Nc3 Nc6 4. Bc4 Be7 5. d3 0-0 6. 0-0 d6 7. Ne2 Bg4 8. c3 Na5 9. Bb3 Nxb3 10. Qxb3 b6 11. Ng3 Bxf3 12. gxf3 d5 13. Kh1 dxe4 14. dxe4 Bd6 15. Rg1 Kh8 16. Nf5 Nh5 17. Bg5 f6 18. Be3 Qe8 19. Rg2 Rf7 20. Rag1 Rd7 21. Bh6 gxh6 22. Rg8+ Qxg8 23. Rxg8+ Rxg8 24. Nxh6 Rf8 1/2-1/2

[Event "Muensterland Verbandsliga 0405"]
[Site "Muensterland"]
[Date "2005.01.29"]
[Round "5.7"]
[White "Tepasse, Wilhelm"]
[Black "Zoern, Friedrich"]
[Result "1-0"]
[WhiteElo "1853"]
[BlackElo "1766"]
[PlyCount "51"]
[EventDate "2004.09.18"]
[EventType "team"]
[EventRounds "9"]
[EventCountry "GER"]
[SourceTitle "EXT 2006"]
[Source "ChessBase"]
[SourceDate "2005.11.24"]
[SourceVersion "1"]
[SourceVersionDate "2005.11.24"]
[SourceQuality "1"]
[WhiteTeam "Bocholt"]
[BlackTeam "Muenster III"]
[WhiteTeamCountry "GER"]
[BlackTeamCountry "GER"]

1. c4 f5 2. Nf3 Nf6 3. Nc3 c6 4. d4 g6 5. g3 Bg7 6. Bg2 0-0 7. 0-0 d6 8. Qb3 Nbd7 9. Ng5 Qb6 10. Ne6 Rf7 11. Ng5 Rf8 12. Ne6 Rf7 13. h3 Rb8 14. Be3 Qa6 15. c5 d5 16. Bf4 Ne4 17. Nxe4 fxe4 18. Bxb8 Nxb8 19. Nxg7 Kxg7 20. Qe3 Nd7 21. f3 Nf6 22. fxe4 dxe4 23. g4 h6 24. Bxe4 Qc4 25. Bg2 Be6 26. b3 1-0

[Event "Muensterland Verbandsklasse-B 0405"]
[Site "Muensterland"]
[Date "2005.01.22"]
[Round "5.2"]
[White "Loeckener, Thomas"]
[Black "Zoern, Friedrich"]
[Result "1/2-1/2"]
[WhiteElo "1764"]
[BlackElo "1766"]
[PlyCount "32"]
[EventDate "2004.09.11"]
[EventType "team"]
[EventRounds "9"]
[EventCountry "GER"]
[SourceTitle "EXT 2006"]
[Source "ChessBase"]
[SourceDate "2005.11.24"]
[SourceVersion "1"]
[SourceVersionDate "2005.11.24"]
[SourceQuality "1"]
[WhiteTeam "Saerbeck II"]
[BlackTeam "Muenster IV"]
[WhiteTeamCountry "GER"]
[BlackTeamCountry "GER"]

1. Nf3 f5 2. g3 Nf6 3. Bg2 g6 4. d4 Bg7 5. 0-0 0-0 6. c4 c6 7. Nc3 d6 8. Qc2 Qc7 9. Bg5 Nbd7 10. Rad1 e5 11. e4 Nxe4 12. Nxe4 fxe4 13. Qxe4 exd4 14. Nxd4 Ne5 15. Rfe1 Qf7 16. f4 Nxc4 1/2-1/2

[Event "Muensterland Verbandsklasse-B 0405"]
[Site "Muensterland"]
[Date "2004.10.02"]
[Round "2.2"]
[White "Zoern, Friedrich"]
[Black "Sparwel, Oliver"]
[Result "0-1"]
[WhiteElo "1766"]
[BlackElo "1919"]
[PlyCount "68"]
[EventDate "2004.09.11"]
[EventType "team"]
[EventRounds "9"]
[EventCountry "GER"]
[SourceTitle "EXT 2006"]
[Source "ChessBase"]
[SourceDate "2005.11.24"]
[SourceVersion "1"]
[SourceVersionDate "2005.11.24"]
[SourceQuality "1"]
[WhiteTeam "Muenster IV"]
[BlackTeam "Suedlohn II"]
[WhiteTeamCountry "GER"]
[BlackTeamCountry "GER"]

1. e4 d6 2. d4 Nf6 3. Nc3 c6 4. f4 Qa5 5. Bd2 Qb6 6. Nf3 Bg4 7. Bc1 Nbd7 8. Be2 Bxf3 9. Bxf3 e5 10. Ne2 Be7 11. c3 0-0 12. 0-0 c5 13. fxe5 dxe5 14. d5 c4+ 15. Kh1 Nc5 16. Be3 Ne8 17. Ng3 g6 18. Qe2 Qa6 19. Bg4 Ng7 20. Rad1 Nd3 21. b4 h5 22. Bxh5 gxh5 23. Nxh5 Nxh5 24. Qxh5 Qg6 25. Qh3 Kg7 26. Rf3 Rh8 27. Qd7 Kf8 28. Rdf1 Rh7 29. Kg1 Nf4 30. Bxf4 exf4 31. Rxf4 Rd8 32. Qxb7 Qb6+ 33. Qxb6 axb6 34. R1f2 Ra8 0-1

[Event "Muensterland Verbandsklasse-B 0304"]
[Site "Germany"]
[Date "2004.03.27"]
[Round "8.5"]
[White "Zoern, Friedrich"]
[Black "Gesing, Felix"]
[Result "0-1"]
[WhiteElo "1793"]
[BlackElo "1670"]
[PlyCount "56"]
[EventDate "2003.09.20"]
[EventType "team"]
[EventRounds "9"]
[EventCountry "GER"]
[SourceTitle "EXT 2005"]
[Source "ChessBase"]
[SourceDate "2004.11.15"]
[SourceVersion "1"]
[SourceVersionDate "2004.11.15"]
[SourceQuality "1"]
[WhiteTeam "Muenster IV"]
[BlackTeam "Raesfeld Erle"]
[WhiteTeamCountry "GER"]
[BlackTeamCountry "GER"]

1. e4 c5 2. c3 Nc6 3. d4 cxd4 4. cxd4 d5 5. exd5 Qxd5 6. Nf3 e5 7. Nc3 Bb4 8. dxe5 Qxd1+ 9. Kxd1 Bg4 10. Bf4 Nge7 11. Be2 Bxc3 12. bxc3 Nd5 13. Bd2 0-0-0 14. Kc1 Bxf3 15. Bxf3 Nxe5 16. Bxd5 Rxd5 17. Be3 Rhd8 18. Bxa7 Nd3+ 19. Kc2 Nxf2 20. Rhf1 Rd2+ 21. Kb3 Nd3 22. Rxf7 Rb2+ 23. Ka3 Rd6 24. Rf8+ Kd7 25. Rf7+ Ke6 26. Re7+ Kxe7 27. Bc5 Nxc5 28. Kxb2 Rd2+ 0-1

[Event "Muensterland Verbandsklasse-B 0304"]
[Site "Germany"]
[Date "2003.11.15"]
[Round "3.6"]
[White "Wessel, Johannes"]
[Black "Zoern, Friedrich"]
[Result "1-0"]
[WhiteElo "1543"]
[BlackElo "1793"]
[PlyCount "63"]
[EventDate "2003.09.20"]
[EventType "team"]
[EventRounds "9"]
[EventCountry "GER"]
[SourceTitle "EXT 2005"]
[Source "ChessBase"]
[SourceDate "2004.11.15"]
[SourceVersion "1"]
[SourceVersionDate "2004.11.15"]
[SourceQuality "1"]
[WhiteTeam "Steinfurt"]
[BlackTeam "Muenster IV"]
[WhiteTeamCountry "GER"]
[BlackTeamCountry "GER"]

1. e4 c6 2. d4 d5 3. Nd2 dxe4 4. Nxe4 Nd7 5. Bc4 Ngf6 6. Ng5 e6 7. Qe2 Nb6 8. Bb3 Be7 9. N1f3 0-0 10. 0-0 h6 11. Ne4 Nxe4 12. Qxe4 c5 13. c3 Nd7 14. Bf4 Nf6 15. Qe2 b6 16. Rad1 Qe8 17. Rfe1 cxd4 18. Nxd4 Bb7 19. Nxe6 Qc6 20. Qf3 Qxf3 21. gxf3 Bxf3 22. Nxf8 Bxf8 23. Rd3 Bc6 24. Red1 Bc5 25. Rd8+ Rxd8 26. Rxd8+ Kh7 27. Bc2+ g6 28. Be5 Bxf2+ 29. Kf1 Bh4 30. c4 a6 31. Bxf6 Bxf6 32. Rd6 1-0

[Event "Muensterland Verbandsklasse-B 0203"]
[Site "Muensterland"]
[Date "2003.02.15"]
[Round "6.4"]
[White "Bergemann, Martin"]
[Black "Zoern, Friedrich"]
[Result "1-0"]
[WhiteElo "1895"]
[BlackElo "1809"]
[PlyCount "61"]
[EventDate "2002.09.28"]
[EventType "team"]
[EventRounds "9"]
[EventCountry "GER"]
[SourceTitle "EXT 2004"]
[Source "ChessBase"]
[SourceDate "2003.11.25"]
[SourceVersion "1"]
[SourceVersionDate "2003.11.25"]
[SourceQuality "1"]
[WhiteTeam "Raesfeld Erle"]
[BlackTeam "Muenster SK IV"]
[WhiteTeamCountry "GER"]
[BlackTeamCountry "GER"]

1. d4 Nf6 2. c4 g6 3. Nc3 d5 4. cxd5 Nxd5 5. g3 Bg7 6. Bg2 Nb6 7. Nf3 0-0 8. 0-0 Nc6 9. e3 Bg4 10. h3 Bxf3 11. Qxf3 e6 12. Rd1 Qe7 13. a4 Qb4 14. Bd2 Nc4 15. Be1 N6a5 16. Ne4 Qxb2 17. Bc3 Qb3 18. Rdb1 Qc2 19. Rc1 Qb3 20. Nc5 Qb6 21. Nd7 Qd6 22. Nxf8 Rxf8 23. Rab1 Qa3 24. Bb4 Qxa4 25. Bxf8 Bxf8 26. Qe2 b5 27. Ra1 Ba3 28. Rcb1 b4 29. d5 exd5 30. Bxd5 b3 31. Qd1 1-0

[Event "Muensterland Verbandsklasse-B 0203"]
[Site "Muensterland"]
[Date "2002.09.28"]
[Round "1.4"]
[White "Zoern, Friedrich"]
[Black "Wucherpfennig, Stefan"]
[Result "1-0"]
[WhiteElo "1809"]
[BlackElo "1848"]
[PlyCount "41"]
[EventDate "2002.09.28"]
[EventType "team"]
[EventRounds "9"]
[EventCountry "GER"]
[SourceTitle "EXT 2004"]
[Source "ChessBase"]
[SourceDate "2003.11.25"]
[SourceVersion "1"]
[SourceVersionDate "2003.11.25"]
[SourceQuality "1"]
[WhiteTeam "Muenster SK IV"]
[BlackTeam "Luedinghausen"]
[WhiteTeamCountry "GER"]
[BlackTeamCountry "GER"]

1. e4 d6 2. d4 Nf6 3. Bd3 c6 4. f4 e5 5. c3 Be7 6. Nf3 Bg4 7. 0-0 Qb6 8. Na3 Nbd7 9. fxe5 Bxf3 10. Qxf3 dxe5 11. Nc4 Qc7 12. dxe5 Nxe5 13. Qg3 Bc5+ 14. Kh1 Nfg4 15. Bf4 Nf2+ 16. Rxf2 Bxf2 17. Qxg7 0-0-0 18. Bxe5 Qe7 19. Be2 Rdf8 20. Qf6 Qd7 21. Qxf2 1-0